[Event "World ol U16"]
[Site "Nakhchivan"]
[Date "2022.10.08"]
[Round "7.13"]
[White "Han, Xuqian Ben"]
[Black "Abdullabayli, Rajab"]
[Result "1-0"]
[WhiteElo "1610"]
[BlackElo "1506"]
[PlyCount "125"]
[EventDate "2022.10.02"]
[EventType "team-swiss"]
[EventRounds "9"]
[EventCountry "AZE"]
[SourceTitle "CBM 210 Extra"]
[Source "ChessBase"]
[SourceDate "2022.11.30"]
[SourceVersion "1"]
[SourceVersionDate "2022.11.30"]
[SourceQuality "1"]
[WhiteTeam "Hong Kong"]
[BlackTeam "Azerbaijan Nakhchivan"]
[WhiteTeamCountry "HKG"]
[BlackTeamCountry "AZE"]

1. e4 e5 2. Nf3 Nc6 3. Bb5 a6 4. Ba4 Nf6 5. Qe2 Bc5 6. c3 0-0 7. 0-0 Re8 8. d3 h6 9. Be3 d6 10. Bxc5 dxc5 11. Bxc6 bxc6 12. Nbd2 Bg4 13. h3 Bh5 14. Qe3 Qe7 15. Nh4 Bg6 16. Nxg6 fxg6 17. Nb3 Nd7 18. Rae1 g5 19. d4 c4 20. Na5 Qe6 21. Qe2 exd4 22. cxd4 Nb6 23. Nb7 Qd7 24. Rd1 Re7 25. Rfe1 Kh8 26. Nc5 Qe8 27. Qd2 Nd7 28. Nxd7 Rxd7 29. Qc3 Qg8 30. Rc1 Rad8 31. Red1 c5 32. d5 c6 33. Qxc4 cxd5 34. exd5 Rxd5 35. Rxd5 Qxd5 36. Qxd5 Rxd5 37. Rc2 Kg8 38. Kf1 Kf7 39. Ke2 Ke6 40. Ke3 Kd6 41. Ke4 g6 42. Ke3 a5 43. b3 Rd4 44. Rd2 Rxd2 45. Kxd2 Kc6 46. Kc3 Kb5 47. a4+ Kb6 48. Kc4 Kc6 49. g3 h5 50. g4 Kd6 51. Kb5 Ke5 52. Kxa5 Kf4 53. Kb5 Kf3 54. a5 Kxf2 55. a6 Kg3 56. a7 Kxh3 57. gxh5 gxh5 58. a8Q h4 59. Qh1+ Kg3 60. Qg1+ Kf4 61. Kxc5 g4 62. Kd4 g3 63. Qf1+ 1-0